| 000 | 01449nam a2200385 c 4500 | ||
|---|---|---|---|
| 001 | 60867 | ||
| 003 | CO-BoRNBP | ||
| 005 | 20260427203013.0 | ||
| 007 | ta | ||
| 008 | 180109s2017 sp a er 000 0 spa d | ||
| 020 | _a9788420687407 | ||
| 040 |
_aCO-BoRNBP _bspa _erda _cCO-BoRNBP |
||
| 041 | _aspa | ||
| 084 | _aT | ||
| 100 | 1 | 7 |
_aGoethe, Johann Wolfgang von, _d1749-1832 _eaut _969423 |
| 245 | 1 | 0 |
_aFausto / _cJohann Wolfgang Goethe ; prólogo y revisión de Francisco Ayala ; traducción de José Roviralta Borrell. |
| 250 |
_aSegunda edición _bPrimera reimpresión, Segunda reimpresión |
||
| 264 | 1 |
_aMadrid, España : _bAlianza Editorial, _c2018 |
|
| 300 | _a541 páginas | ||
| 336 |
_atexto _btxt _2rdacontent |
||
| 337 |
_asin mediación _bn _2rdamedia |
||
| 338 |
_avolumen _bnc _2rdacarrier |
||
| 490 | 0 |
_aEl libro de bolsillo _aLiteratura _vL92 |
|
| 500 | _aEl material correspondiente a la dotación PNLB 2022, corresponde a la segunda reimpresión de 2018 | ||
| 521 | _aRecomendado para un público adulto | ||
| 534 | _tFaust | ||
| 650 | 1 | 7 |
_aBien y mal _vTeatro _2lemb _963989 |
| 650 | 0 | 7 |
_aDiablo _vTeatro _2lemb _969650 |
| 650 | 1 | 7 |
_aHumanismo en la literatura _vTeatro _2rnbp _969651 |
| 650 | 0 | 7 |
_aTeatro alemán _ySiglo XIX _2rnbp _969652 |
| 650 | 1 | 7 |
_aLiteratura alemana _ySiglo XIX _2rnbp _962774 |
| 700 | 1 |
_aAyala, Francisco _d1906-2009 _ewfw _969653 |
|
| 700 | 1 |
_aRoviralta Borrell, José _etrl _969654 |
|
| 942 |
_2loc _cBKLIT |
||
| 999 |
_c60867 _d60867 |
||